[Event "16th EUR-ch"]
[Site "Jerusalem ISR"]
[Date "2015.03.04"]
[Round "8"]
[White "Parkhov, Yair"]
[Black "Cohen, Itay"]
[Result "1-0"]
[WhiteElo "1997"]
[BlackElo "1871"]
[EventDate "2015.02.24"]
[PlyCount "81"]

1.d4 Nf6 2.c4 g6 3.Nc3 Bg7 4.e4 O-O 5.h3 d6 6.Bg5 c5 7.d5 Na6 8.Bd3 b5 9.
cxb5 Nc7 10.Nge2 Rb8 11.O-O a6 12.b6 Rxb6 13.Qc1 Re8 14.f4 h6 15.Bh4 Nh7 
16.Rb1 Bb7 17.Na4 Rb4 18.b3 Ba8 19.Be1 Rb8 20.f5 g5 21.Bc3 Nf6 22.h4 gxh4 
23.Qf4 Kh7 24.Qxh4 Rg8 25.Rf3 Rb4 26.Bxb4 cxb4 27.Nf4 Nb5 28.Rh3 Qf8 29.
Rc1 Bb7 30.Kh1 Ba8 31.Nh5 Nxh5 32.Qxh5 Be5 33.Rc8 Qg7 34.Rxg8 Kxg8 35.Qxh6
Bb7 36.Qxg7+ Kxg7 37.Rf3 Nd4 38.Rf1 a5 39.Rc1 e6 40.fxe6 fxe6 41.Rc7+ 1-0

[Event "16th EUR-ch"]
[Site "Jerusalem ISR"]
[Date "2015.03.04"]
[Round "8"]
[White "Rave, Avraham"]
[Black "Bronstein, Or"]
[Result "0-1"]
[WhiteElo "1824"]
[BlackElo "1944"]
[EventDate "2015.02.24"]
[PlyCount "70"]

1.d4 Nf6 2.Nf3 g6 3.c3 Bg7 4.h3 O-O 5.Bf4 b6 6.e3 Bb7 7.Nbd2 d6 8.Bc4 Nbd7
9.O-O h6 10.a4 a6 11.Qc2 e6 12.e4 Re8 13.Rfe1 e5 14.Bg3 Qe7 15.dxe5 dxe5 
16.b4 Nh5 17.Nh4 Kh7 18.Rad1 Rad8 19.Qa2 Rf8 20.Re3 Ndf6 21.Qc2 Nxg3 22.
fxg3 Nh5 23.Rf1 Qg5 24.Rd3 Nxg3 25.Rxd8 Rxd8 26.Ndf3 Qe3+ 27.Qf2 Nxf1 28.
Bxf1 Qxf2+ 29.Kxf2 Bxe4 30.Ke3 Bc2 31.g4 Bxa4 32.Bxa6 b5 33.Bb7 Bb3 34.Nd2
Bc2 35.Be4 Rxd2 0-1

[Event "16th EUR-ch"]
[Site "Jerusalem ISR"]
[Date "2015.03.04"]
[Round "8"]
[White "Saadon, Netanel"]
[Black "Cohen Revivo, Shoham"]
[Result "0-1"]
[WhiteElo "1939"]
[BlackElo "1838"]
[EventDate "2015.02.24"]
[PlyCount "140"]

1.d4 Nf6 2.c4 c5 3.d5 b5 4.cxb5 a6 5.bxa6 g6 6.Nc3 Bxa6 7.Nf3 Bg7 8.e4 
Bxf1 9.Kxf1 d6 10.g3 Nbd7 11.Kg2 O-O 12.Qe2 Qb6 13.a4 Rfb8 14.Nb5 Ne8 15.
Nd2 Nc7 16.Nc4 Qb7 17.Nxc7 Qxc7 18.Ra3 Rb4 19.b3 Nb6 20.Nb2 Nd7 21.Nd3 Rb6
22.Bb2 Bxb2 23.Nxb2 Qb7 24.Qc2 Rb8 25.Nc4 Rxb3 26.Na5 Rb2 27.Qc3 Qb4 28.
Qxb4 cxb4 29.Raa1 Nc5 30.Nc6 Ra8 31.Rhb1 Rxb1 32.Rxb1 Rxa4 33.Nxe7+ Kf8 
34.Nc6 b3 35.f3 Ra2+ 36.Kh3 Rf2 37.Nd4 b2 38.Nb5 Ke7 39.f4 Na4 40.e5 dxe5 
41.fxe5 Rc2 42.d6+ Kd7 43.Rf1 Kd8 44.Nd4 Rc4 45.Nb3 Ke8 46.Nd2 Rc1 47.Rf4 
Nc3 48.Rb4 b1=Q 49.Nxb1 Rxb1 50.Rc4 Nd5 51.Rc5 Rd1 52.Rc8+ Kd7 53.Rf8 Rf1 
54.Kg2 Ne3+ 55.Kh3 Rf2 56.e6+ Kxd6 57.exf7 Nf1 58.Re8 Rxf7 59.Re2 Re7 60.
Rf2 Ne3 61.Rf4 Nd5 62.Rf2 Ke6 63.Rd2 Nf6 64.Kg2 Kf7 65.h3 Re3 66.Rf2 Kg7 
67.Ra2 Nh5 68.Ra7+ Kh6 69.g4 Nf4+ 70.Kf2 Rxh3 0-1

[Event "16th EUR-ch"]
[Site "Jerusalem ISR"]
[Date "2015.03.04"]
[Round "8"]
[White "Chazan, Yonatan"]
[Black "Vardi, Moshe"]
[Result "1-0"]
[WhiteElo "1961"]
[BlackElo "1850"]
[EventDate "2015.02.24"]
[PlyCount "73"]

1.e4 e5 2.Nf3 Nc6 3.d4 exd4 4.Bc4 Bc5 5.Ng5 Nh6 6.Qh5 Qf6 7.O-O Ne5 8.Bb3 
d6 9.h3 Bd7 10.f4 Nc6 11.Nd2 Qg6 12.Qh4 O-O-O 13.f5 Qf6 14.Qh5 d3+ 15.Kh1 
dxc2 16.Bxc2 Ne5 17.Ngf3 Rde8 18.a4 Kb8 19.Rd1 Be3 20.Nxe5 Rxe5 21.Nc4 g6 
22.Nxe5 Qxe5 23.Qh4 Bxc1 24.Raxc1 Ng8 25.Qd8+ Bc8 26.f6 h5 27.Bb3 c5 28.
Rf1 g5 29.Rcd1 g4 30.Bxf7 gxh3 31.Qxd6+ Qxd6 32.Rxd6 hxg2+ 33.Kxg2 Nh6 34.
Be6 Bxe6 35.Rxe6 Ng4 36.f7 Ne3+ 37.Kg1 1-0

[Event "16th EUR-ch"]
[Site "Jerusalem ISR"]
[Date "2015.03.04"]
[Round "8"]
[White "Samarin, Leonid"]
[Black "Belokopyt, Boris"]
[Result "1/2-1/2"]
[WhiteElo "1748"]
[BlackElo "1956"]
[EventDate "2015.02.24"]
[PlyCount "87"]

1.d4 d5 2.Nf3 Nf6 3.c4 e6 4.Nc3 c6 5.cxd5 exd5 6.Bg5 Be7 7.e3 O-O 8.Bd3 b6
9.O-O h6 10.Bh4 Bb7 11.a3 Nbd7 12.b4 c5 13.dxc5 bxc5 14.bxc5 Nxc5 15.Be2 
Rc8 16.Nb5 a6 17.Nbd4 Nfe4 18.Bxe7 Qxe7 19.Qe1 Ng5 20.Qa5 Nxf3+ 21.Bxf3 
Ne4 22.Rfc1 Qh4 23.g3 Qf6 24.Rab1 Rxc1+ 25.Rxc1 Ng5 26.Bg2 Ne4 27.f3 Nd6 
28.Qb6 Qe7 29.Nc6 Bxc6 30.Rxc6 Nc4 31.Qc5 Qxc5 32.Rxc5 Nxe3 33.Bf1 Rb8 34.
Bxa6 d4 35.Kf2 Rb2+ 36.Ke1 Ra2 37.Rc8+ Kh7 38.Bd3+ g6 39.Rd8 Ra1+ 40.Ke2 
Ra2+ 41.Ke1 Rxa3 42.Rxd4 Ra2 43.Re4 Nf5 44.Re2 1/2-1/2

[Event "16th EUR-ch"]
[Site "Jerusalem ISR"]
[Date "2015.03.04"]
[Round "8"]
[White "Vardi, Shlomit"]
[Black "Gorodetzky, Matan"]
[Result "1-0"]
[WhiteElo "1945"]
[BlackElo "1733"]
[EventDate "2015.02.24"]
[PlyCount "57"]

1.e4 e6 2.d3 d5 3.Nd2 Nf6 4.Ngf3 b6 5.c3 Bb7 6.e5 Nfd7 7.d4 c5 8.Bd3 Nc6 
9.a3 a5 10.O-O Be7 11.Re1 Qc8 12.Nf1 Ba6 13.Bc2 Qb7 14.Bg5 f6 15.exf6 gxf6
16.Bf4 Nf8 17.Ng3 h5 18.h4 O-O-O 19.Rc1 b5 20.b4 c4 21.Rb1 Qd7 22.Qd2 Na7 
23.Bh6 Qe8 24.Bxf8 Bxf8 25.Rxe6 Qxe6 26.Bf5 Re8 27.Qc2 Kc7 28.Bxe6 Rxe6 
29.Qf5 1-0

[Event "16th EUR-ch"]
[Site "Jerusalem ISR"]
[Date "2015.03.04"]
[Round "8"]
[White "Fainman, Tomer"]
[Black "Freiman, Mark"]
[Result "1-0"]
[WhiteElo "1571"]
[BlackElo "1873"]
[EventDate "2015.02.24"]
[PlyCount "71"]

1.d4 Nf6 2.Nf3 g6 3.Bf4 Bg7 4.c3 O-O 5.h3 d6 6.e3 Nbd7 7.Be2 Re8 8.O-O c6 
9.Nbd2 d5 10.Qc2 Nf8 11.c4 Bf5 12.Bd3 Bxd3 13.Qxd3 Nh5 14.Bh2 f5 15.cxd5 
cxd5 16.Rac1 Ne6 17.Nb3 b6 18.Qb5 f4 19.Rfe1 Rf8 20.Qe2 Bh6 21.Ne5 fxe3 
22.fxe3 Ng5 23.Nd2 e6 24.Rf1 Qe7 25.Nc6 Qd7 26.Ne5 Qb7 27.Ng4 Bg7 28.Rc7 
Qxc7 29.Bxc7 Rxf1+ 30.Qxf1 Rf8 31.Qa6 Nf6 32.Nxf6+ Bxf6 33.Qxa7 Rf7 34.
Qxb6 Re7 35.a4 Nf7 36.a5 1-0

[Event "16th EUR-ch"]
[Site "Jerusalem ISR"]
[Date "2015.03.04"]
[Round "8"]
[White "Or, Yochanan"]
[Black "Iliaguev, Daniel"]
[Result "1-0"]
[WhiteElo "1822"]
[BlackElo "1813"]
[EventDate "2015.02.24"]
[PlyCount "105"]

1.e4 c5 2.Nf3 d6 3.Bc4 Nf6 4.Nc3 Nc6 5.d4 cxd4 6.Nxd4 g6 7.h3 Bg7 8.Be3 
O-O 9.O-O Qc7 10.Be2 Nxd4 11.Bxd4 Be6 12.Bf3 Rac8 13.Re1 Rfd8 14.g4 d5 15.
Nb5 Qa5 16.e5 Ne4 17.Qe2 a6 18.Na3 b5 19.Qe3 Qd2 20.Qxd2 Nxd2 21.Bd1 Ne4 
22.Kg2 Nc5 23.Nb1 Nd7 24.Nd2 Nb8 25.Nb3 Nc6 26.Bb6 Re8 27.f4 Rb8 28.Bc5 
Rec8 29.c3 Rd8 30.Bf3 Bc8 31.Rad1 e6 32.Bd6 Ra8 33.f5 Bf8 34.Bc7 Rd7 35.
Bb6 Bb7 36.Bc5 Bxc5 37.Nxc5 Re7 38.fxe6 fxe6 39.Nxe6 Rxe6 40.Bxd5 Re8 41.
Bxe6+ Rxe6 42.Rd7 Re7 43.Rxe7 Nxe7+ 44.Kg3 Kf7 45.Rf1+ Kg7 46.e6 Kg8 47.
Rf7 Bd5 48.Rxe7 Bxa2 49.Kf4 Kf8 50.Rf7+ Ke8 51.Ke5 Bc4 52.Kd6 Bd3 53.Rxh7 
1-0

[Event "16th EUR-ch"]
[Site "Jerusalem ISR"]
[Date "2015.03.04"]
[Round "8"]
[White "Gottfried, Jonathan"]
[Black "Chachashvili, Zuri"]
[Result "1-0"]
[WhiteElo "1653"]
[BlackElo "1818"]
[EventDate "2015.02.24"]
[PlyCount "99"]

1.d4 Nf6 2.c4 e6 3.Nc3 Bb4 4.e3 O-O 5.Ne2 d5 6.a3 Be7 7.Nf4 b6 8.cxd5 exd5
9.Bd3 Bb7 10.O-O Re8 11.Bd2 Nbd7 12.Rc1 c6 13.f3 c5 14.Bb1 Bd6 15.Nh3 Qb8 
16.f4 Ne4 17.Nxe4 dxe4 18.Bc3 Qd8 19.Ba2 h6 20.Qh5 Qe7 21.Qe2 Nf6 22.dxc5 
Bxc5 23.b4 Bd6 24.Rfd1 Rad8 25.Rd4 Bb8 26.Rcd1 Rxd4 27.Bxd4 Rc8 28.Nf2 Ne8
29.Ng4 Nc7 30.Nxh6+ gxh6 31.Qg4+ Kf8 32.Bg7+ Ke8 33.Bxh6 Ne6 34.Bxe6 Qxe6 
35.Qg8+ Ke7 36.Bg5+ f6 37.Qg7+ Ke8 38.Bxf6 Qf7 39.Qh8+ Qf8 40.Qh5+ Qf7 41.
Qh8+ Qf8 42.Qh7 Bc6 43.Qf5 Kf7 44.Be5+ Ke7 45.Qg5+ Ke8 46.Bxb8 Rxb8 47.
Qe5+ Kf7 48.Rd6 Re8 49.Rf6+ Kg7 50.Qg5+ 1-0

[Event "16th EUR-ch"]
[Site "Jerusalem ISR"]
[Date "2015.03.05"]
[Round "9"]
[White "Sargissian, Gabriel"]
[Black "Popov, Ivan"]
[Result "1/2-1/2"]
[WhiteElo "2668"]
[BlackElo "2639"]
[EventDate "2015.02.24"]
[PlyCount "46"]

1.Nf3 Nf6 2.c4 c5 3.d4 cxd4 4.Nxd4 b6 5.Nc3 Bb7 6.f3 d6 7.e4 e6 8.Be3 Be7 
9.Be2 O-O 10.O-O Nbd7 11.Qd2 a6 12.Rac1 Rc8 13.Rfd1 Qc7 14.Bf1 Qb8 15.b4 
Ba8 16.Na4 Rfe8 17.Kh1 Bb7 18.a3 Bd8 19.Nb3 Bc7 20.Bg1 d5 21.cxd5 exd5 22.
exd5 Bxd5 23.Qb2 Be5 1/2-1/2

[Event "16th EUR-ch"]
[Site "Jerusalem ISR"]
[Date "2015.03.05"]
[Round "9"]
[White "Motylev, Alexander"]
[Black "Bartel, Mateusz"]
[Result "1/2-1/2"]
[WhiteElo "2665"]
[BlackElo "2631"]
[EventDate "2015.02.24"]
[PlyCount "32"]

1.e4 e6 2.d4 d5 3.e5 c5 4.c3 Qb6 5.Nf3 Nc6 6.a3 Nh6 7.Bd3 cxd4 8.cxd4 Nf5 
9.Bxf5 exf5 10.O-O Be6 11.Nc3 Be7 12.Na4 Qd8 13.Qd3 O-O 14.Bd2 Qd7 15.Nc5 
Bxc5 16.dxc5 d4 1/2-1/2

[Event "16th EUR-ch"]
[Site "Jerusalem ISR"]
[Date "2015.03.05"]
[Round "9"]
[White "Najer, Evgeniy"]
[Black "Nisipeanu, Liviu-Dieter"]
[Result "1-0"]
[WhiteElo "2634"]
[BlackElo "2654"]
[EventDate "2015.02.24"]
[PlyCount "63"]

1.e4 e5 2.Nf3 Nf6 3.Nxe5 d6 4.Nf3 Nxe4 5.d4 d5 6.Bd3 Bd6 7.O-O O-O 8.c4 c6
9.Re1 Bf5 10.Qb3 Qd7 11.Nc3 Nxc3 12.Bxf5 Qxf5 13.bxc3 b6 14.h3 h6 15.cxd5 
cxd5 16.Ne5 Bxe5 17.Rxe5 Qd3 18.Rxd5 Nc6 19.c4 Qe2 20.Qc3 Rac8 21.Bb2 Rfe8
22.c5 Rb8 23.Ba3 b5 24.Rd7 Rbd8 25.Rd6 Rc8 26.d5 Ne5 27.c6 Nc4 28.Rd7 Nd2 
29.h4 Re4 30.c7 Kh7 31.Rxf7 Rg4 32.Bb2 1-0

[Event "16th EUR-ch"]
[Site "Jerusalem ISR"]
[Date "2015.03.05"]
[Round "9"]
[White "Iljiushenok, Ilia"]
[Black "Khismatullin, Denis"]
[Result "1/2-1/2"]
[WhiteElo "2450"]
[BlackElo "2653"]
[EventDate "2015.02.24"]
[PlyCount "39"]

1.e4 c5 2.Nf3 d6 3.d4 cxd4 4.Nxd4 Nf6 5.Nc3 a6 6.Bg5 Nbd7 7.Qe2 Qa5 8.f4 
e5 9.fxe5 dxe5 10.Nf5 g6 11.Nh6 Ba3 12.Qc4 Bxb2 13.Qxf7+ Kd8 14.Bxf6+ Nxf6
15.Rd1+ Nd7 16.Qf6+ Kc7 17.Qd6+ Kd8 18.Qf6+ Kc7 19.Qd6+ Kd8 20.Qf6+ 
1/2-1/2

[Event "16th EUR-ch"]
[Site "Jerusalem ISR"]
[Date "2015.03.05"]
[Round "9"]
[White "Shimanov, Aleksandr"]
[Black "Cheparinov, Ivan"]
[Result "1/2-1/2"]
[WhiteElo "2594"]
[BlackElo "2681"]
[EventDate "2015.02.24"]
[PlyCount "93"]

1.d4 Nf6 2.c4 g6 3.Nf3 Bg7 4.g3 d5 5.cxd5 Nxd5 6.Bg2 Nb6 7.Nc3 Nc6 8.e3 
O-O 9.O-O Re8 10.a3 Rb8 11.h3 e5 12.d5 e4 13.dxc6 exf3 14.Qxf3 bxc6 15.Rd1
Qe7 16.Qe2 c5 17.Qc2 Be6 18.e4 Na4 19.Qxa4 Bxc3 20.Qxa7 Bd4 21.Rxd4 Ra8 
22.Qxa8 Rxa8 23.Rd3 c4 24.Rd1 Bd7 25.Bd2 Ba4 26.Re1 Rd8 27.Bb4 c5 28.Bc3 
Qe6 29.h4 Rd3 30.Rac1 h6 31.Kh2 g5 32.Bh3 g4 33.Bg2 h5 34.e5 Bc6 35.Bxc6 
Qxc6 36.Rc2 Kf8 37.Kg1 Ke7 38.Rce2 Ke6 39.Re4 Rf3 40.R4e2 Rd3 41.Re4 Rf3 
42.R1e3 Qa4 43.Rxf3 gxf3 44.Re3 Qc2 45.Re1 Qf5 46.Kh2 Qc2 47.Kg1 1/2-1/2

[Event "16th EUR-ch"]
[Site "Jerusalem ISR"]
[Date "2015.03.05"]
[Round "9"]
[White "Sjugirov, Sanan"]
[Black "Lupulescu, Constantin"]
[Result "1-0"]
[WhiteElo "2678"]
[BlackElo "2626"]
[EventDate "2015.02.24"]
[PlyCount "101"]

1.d4 Nf6 2.c4 e6 3.Nf3 d5 4.Nc3 c5 5.cxd5 cxd4 6.Qxd4 exd5 7.e4 Nc6 8.Bb5 
dxe4 9.Qxd8+ Kxd8 10.Ng5 Be6 11.Bxc6 bxc6 12.Nxe6+ fxe6 13.Ke2 Bb4 14.Rd1+
Ke7 15.Rd4 Bxc3 16.bxc3 Rhb8 17.Ba3+ Kf7 18.Ra4 Nd5 19.Rc1 Rb1 20.Rxb1 
Nxc3+ 21.Ke3 Nxa4 22.Rb7+ Kf6 23.Kxe4 c5 24.Ke3 c4 25.Rc7 c3 26.Ke4 Rb8 
27.Rc4 Nb6 28.Rxc3 Rb7 29.Bd6 Nd5 30.Rf3+ Kg6 31.Ke5 Nc7 32.a4 Ne8 33.Bc5 
Rc7 34.Bd4 Rc6 35.a5 Nd6 36.Kxe6 Nf5+ 37.Ke5 Nxd4 38.Rg3+ Kf7 39.Kxd4 Rc2 
40.Rb3 Rxf2 41.Rf3+ Rxf3 42.gxf3 Ke6 43.Kc5 Kd7 44.Kd5 Kc7 45.Ke6 Kb7 46.
Kf7 g5 47.Kf6 h6 48.Kg6 Ka6 49.Kxh6 Kxa5 50.Kxg5 Kb5 51.h4 1-0

[Event "16th EUR-ch"]
[Site "Jerusalem ISR"]
[Date "2015.03.05"]
[Round "9"]
[White "Laznicka, Viktor"]
[Black "Sutovsky, Emil"]
[Result "1/2-1/2"]
[WhiteElo "2670"]
[BlackElo "2626"]
[EventDate "2015.02.24"]
[PlyCount "97"]

1.Nf3 c5 2.c4 Nc6 3.d4 cxd4 4.Nxd4 Nf6 5.Nc3 e6 6.a3 Bc5 7.Nb3 Bb6 8.c5 
Bc7 9.Bg5 b6 10.e3 bxc5 11.Nxc5 Be5 12.Rc1 Qa5 13.Bxf6 Bxf6 14.Ne4 Rb8 15.
Nxf6+ gxf6 16.Qd2 Rg8 17.f4 Bb7 18.Bd3 Ne7 19.Rg1 Qh5 20.g3 Rc8 21.Rf1 Nd5
22.Be4 Ba6 23.Bf3 Qh3 24.Rf2 Nxc3 25.Rxc3 Ke7 26.Be2 Bxe2 27.Rxe2 Qh5 28.
Qc2 Qa5 29.b4 Qa6 30.Rd2 Qb7 31.Kf2 Rxc3 32.Qxc3 Qh1 33.Qc5+ Kd8 34.Qh5 
Ke7 35.Rd1 Qc6 36.Qxh7 Rc8 37.Qd3 d5 38.g4 Qa4 39.Kg3 Rc2 40.g5 fxg5 41.
fxg5 Qc6 42.Qd4 Qd6+ 43.Qf4 e5 44.Qf3 e4+ 45.Qf4 Re2 46.Kh3 Qg6 47.Kg3 Qd6
48.Kh3 Qg6 49.Kg3 1/2-1/2

[Event "16th EUR-ch"]
[Site "Jerusalem ISR"]
[Date "2015.03.05"]
[Round "9"]
[White "Howell, David"]
[Black "Romanov, Evgeny"]
[Result "1/2-1/2"]
[WhiteElo "2663"]
[BlackElo "2625"]
[EventDate "2015.02.24"]
[PlyCount "114"]

1.e4 e6 2.d4 d5 3.Nd2 c5 4.Ngf3 cxd4 5.exd5 Qxd5 6.Bc4 Qd7 7.O-O Nc6 8.Nb3
Nf6 9.Qe2 a6 10.a4 Qc7 11.Rd1 Bd7 12.Nbxd4 Bc5 13.Bg5 O-O 14.c3 Rfe8 15.
Bh4 Rad8 16.Bg3 Qc8 17.Ne5 Nxe5 18.Bxe5 Nd5 19.Qh5 Bf8 20.Bb3 Ne7 21.Rd3 
Ng6 22.Bg3 Bc6 23.Rad1 Bd5 24.a5 e5 25.Bxd5 Rxd5 26.Nf5 Rxd3 27.Rxd3 Nf4 
28.Bxf4 exf4 29.h4 Qe6 30.Rd1 g6 31.Nh6+ Bxh6 32.Qxh6 Qb3 33.Rd2 Qa4 34.b4
f3 35.gxf3 Qa1+ 36.Kg2 Qxc3 37.Qf4 Qe5 38.Kg3 Qe1 39.Kg2 Qe5 40.Kg3 Qa1 
41.Kg2 Re1 42.Rd8+ Kg7 43.Qd4+ Qxd4 44.Rxd4 Re5 45.f4 Rb5 46.Kg3 Kh6 47.
Kg4 f5+ 48.Kg3 Kh5 49.Rd7 h6 50.Rd4 b6 51.axb6 Rxb6 52.f3 Rc6 53.Rd1 Rc4 
54.Ra1 Rxb4 55.Rxa6 Rb1 56.Ra8 Rg1+ 57.Kh2 Rf1 1/2-1/2

[Event "16th EUR-ch"]
[Site "Jerusalem ISR"]
[Date "2015.03.05"]
[Round "9"]
[White "Kravtsiv, Martyn"]
[Black "Alekseev, Evgeny"]
[Result "1/2-1/2"]
[WhiteElo "2565"]
[BlackElo "2677"]
[EventDate "2015.02.24"]
[PlyCount "59"]

1.e4 c5 2.Nf3 Nc6 3.d4 cxd4 4.Nxd4 Qb6 5.Nb3 Nf6 6.Nc3 e6 7.Bd3 Be7 8.O-O 
O-O 9.Kh1 d6 10.f4 Qc7 11.Bd2 a6 12.Qf3 b5 13.a3 Bb7 14.Rae1 b4 15.axb4 
Nxb4 16.Nb5 axb5 17.Bxb4 Ra2 18.Nd4 Rxb2 19.Ba3 Ra2 20.Nxb5 Qd7 21.Qh3 Bc6
22.Bxd6 Bxb5 23.Bxb5 Qxd6 24.e5 Qd5 25.Bd3 g6 26.exf6 Bxf6 27.Qg3 Bg7 28.
Rb1 Ra4 29.Qf3 Qxf3 30.Rxf3 1/2-1/2

[Event "16th EUR-ch"]
[Site "Jerusalem ISR"]
[Date "2015.03.05"]
[Round "9"]
[White "Vitiugov, Nikita"]
[Black "Hovhannisyan, Robert"]
[Result "1/2-1/2"]
[WhiteElo "2735"]
[BlackElo "2592"]
[EventDate "2015.02.24"]
[PlyCount "92"]

1.d4 d5 2.c4 c6 3.Nf3 Nf6 4.e3 Bg4 5.h3 Bh5 6.g4 Bg6 7.Ne5 e6 8.Nxg6 hxg6 
9.Bg2 Bb4+ 10.Nc3 Nbd7 11.Qd3 Qe7 12.Bd2 Nb6 13.b3 O-O 14.g5 Bxc3 15.Qxc3 
Ne4 16.Bxe4 dxe4 17.Rg1 e5 18.Rg4 Rfe8 19.O-O-O Nd7 20.Qc2 a5 21.Rxe4 b5 
22.dxe5 Nc5 23.Rg4 b4 24.e6 Qxe6 25.Kb1 Ne4 26.Be1 Qe7 27.c5 a4 28.bxa4 
Rab8 29.Kc1 Qe5 30.Rd4 Nxc5 31.Bxb4 Ne6 32.Bd6 Qa5 33.Bxb8 Nxd4 34.Rxd4 
Rxb8 35.h4 c5 36.Rd5 Qa8 37.e4 Qa6 38.Kd2 Qf1 39.Ke3 Rb1 40.Kf4 Re1 41.Ke5
Qh3 42.Rxc5 Qe6+ 43.Kd4 Qd6+ 44.Kc4 Qe6+ 45.Kd4 Qd6+ 46.Kc4 Qe6+ 1/2-1/2

[Event "16th EUR-ch"]
[Site "Jerusalem ISR"]
[Date "2015.03.05"]
[Round "9"]
[White "Vallejo Pons, Francisco"]
[Black "Alexandrov, Alexei"]
[Result "1/2-1/2"]
[WhiteElo "2706"]
[BlackElo "2603"]
[EventDate "2015.02.24"]
[PlyCount "46"]

1.d4 Nf6 2.c4 e6 3.Nf3 d5 4.g3 dxc4 5.Bg2 Nc6 6.Qa4 Bb4+ 7.Bd2 Bd6 8.Ne5 
Bxe5 9.Bxc6+ bxc6 10.dxe5 Qd5 11.O-O Nd7 12.Bc3 Nb6 13.Qa3 c5 14.Nd2 O-O 
15.f3 Qc6 16.Ne4 Na4 17.Bd2 Rd8 18.Rac1 Qb5 19.Bg5 Rd4 20.Be3 Rd8 21.Bg5 
Rd4 22.Be3 Rd8 23.Bg5 Rd4 1/2-1/2

[Event "16th EUR-ch"]
[Site "Jerusalem ISR"]
[Date "2015.03.05"]
[Round "9"]
[White "Kryvoruchko, Yuriy"]
[Black "Iordachescu, Viorel"]
[Result "1/2-1/2"]
[WhiteElo "2692"]
[BlackElo "2590"]
[EventDate "2015.02.24"]
[PlyCount "89"]

1.e4 d5 2.exd5 Qxd5 3.Nc3 Qd6 4.d4 Nf6 5.Nf3 g6 6.Nb5 Qb6 7.Na3 c6 8.Nc4 
Qc7 9.g3 Be6 10.Qe2 Bg7 11.Bg2 O-O 12.O-O Nbd7 13.Ne3 Rfe8 14.c4 Nf8 15.b3
a5 16.a4 Qb6 17.Bb2 Rad8 18.Qc2 Ng4 19.Bc3 Nxe3 20.fxe3 Bf5 21.Qb2 c5 22.
d5 Bxc3 23.Qxc3 f6 24.Nd2 Qc7 25.e4 Bc8 26.e5 Qxe5 27.Qxe5 fxe5 28.Rae1 
Nd7 29.Bh3 Rf8 30.Ne4 Rxf1+ 31.Rxf1 Nf8 32.Bxc8 Rxc8 33.Ng5 b6 34.Re1 Kg7 
35.Nf3 e6 36.Rxe5 Kf6 37.g4 h6 38.h4 exd5 39.g5+ hxg5 40.hxg5+ Kf7 41.Rxd5
Ke6 42.Re5+ Kd6 43.Rd5+ Ke6 44.Re5+ Kd6 45.Rd5+ 1/2-1/2

[Event "16th EUR-ch"]
[Site "Jerusalem ISR"]
[Date "2015.03.05"]
[Round "9"]
[White "Ipatov, Alexander"]
[Black "Zhigalko, Sergei"]
[Result "1-0"]
[WhiteElo "2592"]
[BlackElo "2675"]
[EventDate "2015.02.24"]
[PlyCount "121"]

1.d4 Nf6 2.c4 e6 3.Nf3 b6 4.g3 Ba6 5.Qb3 Nc6 6.Nbd2 Na5 7.Qa4 Bb7 8.Bg2 c5
9.dxc5 bxc5 10.O-O Be7 11.Rd1 Bc6 12.Qc2 Qc7 13.b3 d6 14.Bb2 Bb7 15.a3 Nc6
16.b4 cxb4 17.axb4 a5 18.b5 Nb4 19.Qa4 O-O 20.Nb3 Bd8 21.Bd4 Nd7 22.Rac1 
Be7 23.Bc3 Nc5 24.Nxc5 Qxc5 25.Bd4 Qc7 26.Nd2 Bxg2 27.Kxg2 Bg5 28.f3 e5 
29.Bf2 Rfe8 30.Rc3 f5 31.b6 Qc6 32.Qxc6 Nxc6 33.Nb3 Red8 34.b7 Rab8 35.Bb6
Rd7 36.Nc5 Rdxb7 37.Nxb7 Rxb7 38.Bf2 Be7 39.c5 dxc5 40.Bxc5 Bf6 41.Bf2 Ne7
42.Rc5 Rb2 43.Kf1 Ra2 44.Rd8+ Kf7 45.Ra8 Ra1+ 46.Be1 a4 47.e4 fxe4 48.fxe4
Bg5 49.Rc2 Be3 50.Ke2 Bd4 51.Bb4 Rb1 52.Rxa4 Ng8 53.Rc7+ Kg6 54.Bf8 Nf6 
55.Ra6 Kh5 56.Rxg7 Rb2+ 57.Kd3 Rb3+ 58.Kc4 Rc3+ 59.Kb4 Rf3 60.Be7 Nxe4 61.
g4# 1-0

[Event "16th EUR-ch"]
[Site "Jerusalem ISR"]
[Date "2015.03.05"]
[Round "9"]
[White "Kuzubov, Yuriy"]
[Black "Jojua, Davit"]
[Result "1-0"]
[WhiteElo "2667"]
[BlackElo "2579"]
[EventDate "2015.02.24"]
[PlyCount "199"]

1.e4 c5 2.Nf3 e6 3.d4 cxd4 4.Nxd4 a6 5.Be2 Nf6 6.Nc3 d6 7.O-O Be7 8.f4 O-O
9.Kh1 Nc6 10.Be3 Qc7 11.Qe1 Nxd4 12.Bxd4 b5 13.a3 Bb7 14.Qg3 Rad8 15.Bd3 
Rd7 16.Rae1 Bc6 17.e5 dxe5 18.Bxe5 Qd8 19.f5 Bd6 20.fxe6 fxe6 21.Qh3 Bxe5 
22.Rxe5 Re7 23.Rfe1 Qd4 24.Qe3 Qxe3 25.R5xe3 Rfe8 26.Kg1 g6 27.Ne2 e5 28.
c4 Rb7 29.cxb5 Bxb5 30.Bxb5 Rxb5 31.b4 Nd5 32.Re4 Nf6 33.Rc4 Rb6 34.Rd1 
Ree6 35.Rc5 Rbd6 36.Re1 Ne4 37.Rc4 Nf6 38.h3 Kf7 39.Rc5 Rd5 40.Rc7+ Rd7 
41.Rc3 Red6 42.Re3 Rd3 43.Rxe5 Rxa3 44.Nf4 Rc3 45.Rf1 Rc6 46.Rf3 Re7 47.
Ra5 Kg7 48.Kh2 Rb6 49.Nd3 Ne8 50.Rd5 Nd6 51.Rf2 Nf5 52.Rd8 h5 53.Nf4 Rf7 
54.Nd3 Re7 55.g4 hxg4 56.hxg4 Nh6 57.Kg3 Nf7 58.Rd5 Rc6 59.Nc5 Rb6 60.Rf4 
Rc6 61.Rf3 Rb6 62.Rd4 Nd6 63.Rfd3 Nf7 64.Ra3 Rf6 65.Rd7 Rxd7 66.Nxd7 Rd6 
67.Nc5 Ne5 68.Rxa6 Rd1 69.Kf4 Nd3+ 70.Nxd3 Rxd3 71.Ra7+ Kf6 72.g5+ Ke6 73.
Ra6+ Kf7 74.Rf6+ Kg7 75.Rb6 Kf7 76.b5 Rd5 77.Rf6+ Kg7 78.b6 Rb5 79.Rd6 Kf7
80.Rf6+ Kg7 81.Rc6 Kf7 82.Kg4 Rb3 83.Rc7+ Ke6 84.Rc6+ Kf7 85.Rd6 Rb1 86.
Kf3 Rb5 87.Kf4 Rf5+ 88.Kg4 Rb5 89.Rf6+ Kg7 90.Kf4 Rb4+ 91.Ke5 Rb5+ 92.Kd4 
Rxg5 93.Rd6 Rb5 94.Kc4 Rb1 95.Kc5 Rc1+ 96.Kb5 Kh6 97.b7 Rb1+ 98.Kc6 Rc1+ 
99.Kd7 Rb1 100.Kc7 1-0

[Event "16th EUR-ch"]
[Site "Jerusalem ISR"]
[Date "2015.03.05"]
[Round "9"]
[White "Postny, Evgeny"]
[Black "Esen, Baris"]
[Result "1-0"]
[WhiteElo "2647"]
[BlackElo "2571"]
[EventDate "2015.02.24"]
[PlyCount "165"]

1.d4 Nf6 2.c4 e6 3.Nf3 c5 4.d5 d6 5.Nc3 exd5 6.cxd5 g6 7.Bf4 Bg7 8.Qa4+ 
Bd7 9.Qb3 b5 10.Bxd6 Qb6 11.Be5 O-O 12.e3 c4 13.Qd1 b4 14.Ne2 Rc8 15.Rc1 
Qa5 16.Qd4 Nxd5 17.Bxg7 Nc6 18.Qd2 Kxg7 19.Rxc4 Nb6 20.Rc1 Qxa2 21.Ng3 Na5
22.Rd1 Ba4 23.Qd4+ f6 24.Ne4 Rc6 25.b3 Qxb3 26.Be2 Qe6 27.Nc5 Rxc5 28.Qxc5
Bxd1 29.Bxd1 Nc6 30.O-O Qd5 31.Qc1 Rc8 32.Qb1 Qc5 33.Bb3 Nd5 34.Qe4 Nc3 
35.Qe6 Qf8 36.Qd7+ Kh8 37.Be6 Ne7 38.Qxa7 Ra8 39.Qc7 Ng8 40.Nd4 Qb8 41.Qc5
Ne4 42.Qc6 f5 43.Bd5 Ra5 44.Bxe4 fxe4 45.Qxe4 Qd6 46.g3 Nf6 47.Qb7 Nd5 48.
Qc8+ Kg7 49.Rd1 Qf6 50.Qd7+ Kh6 51.Qh3+ Kg7 52.Qd7+ Kh6 53.Qh3+ Kg7 54.
Ne6+ Kg8 55.Nf4 Nxf4 56.Qc8+ Qf8 57.Qxf8+ Kxf8 58.gxf4 Ke7 59.Kf1 Ke6 60.
Rd4 Rb5 61.Ke2 b3 62.Rd1 Kf5 63.Rb1 Kg4 64.Kd3 Kf3 65.Rb2 Rb7 66.Kc4 Kg2 
67.Rxb3 Rd7 68.e4 Rf7 69.e5 Rxf4+ 70.Kd5 Rxf2 71.e6 Kxh2 72.e7 Re2 73.Rb2 
Rxb2 74.e8=Q Rf2 75.Qe5+ Kh3 76.Qe3+ Kg2 77.Qg5+ Kf1 78.Ke4 Rf5 79.Qg3 Rf7
80.Qh2 Re7+ 81.Kf3 Rf7+ 82.Kg3 Rf5 83.Qd2 1-0

[Event "16th EUR-ch"]
[Site "Jerusalem ISR"]
[Date "2015.03.05"]
[Round "9"]
[White "Brkic, Ante"]
[Black "Gajewski, Grzegorz"]
[Result "1-0"]
[WhiteElo "2586"]
[BlackElo "2646"]
[EventDate "2015.02.24"]
[PlyCount "85"]

1.e4 c5 2.Nf3 e6 3.d4 cxd4 4.Nxd4 a6 5.c4 Nf6 6.Nc3 Qc7 7.Be2 b6 8.O-O Bb7
9.Qd3 d6 10.f4 Nbd7 11.b4 Be7 12.Be3 O-O 13.Rac1 Rac8 14.g4 Qd8 15.g5 Ne8 
16.Qd2 Nc7 17.a3 Re8 18.Nb3 f6 19.h4 Rf8 20.Nd4 fxg5 21.hxg5 e5 22.Nf5 
exf4 23.Bxf4 Ne5 24.Bxe5 dxe5 25.Qxd8 Bxd8 26.Nd6 Rb8 27.Rxf8+ Kxf8 28.
Rf1+ Ke7 29.c5 bxc5 30.bxc5 Kd7 31.Rb1 Nb5 32.Ncxb5 axb5 33.Bxb5+ Kc7 34.
Ne8+ Kc8 35.c6 Bxc6 36.Ba6+ Bb7 37.Bxb7+ Kd7 38.Bc6+ Kc8 39.Bd7+ Kxd7 40.
Rxb8 Kxe8 41.a4 Kd7 42.Rb7+ Bc7 43.a5 1-0

[Event "16th EUR-ch"]
[Site "Jerusalem ISR"]
[Date "2015.03.05"]
[Round "9"]
[White "Vovk, Yuri"]
[Black "Dreev, Aleksey"]
[Result "1-0"]
[WhiteElo "2588"]
[BlackElo "2643"]
[EventDate "2015.02.24"]
[PlyCount "63"]

1.d4 d5 2.c4 c6 3.Nf3 Nf6 4.Nc3 e6 5.Bg5 Nbd7 6.Qb3 a6 7.e4 h6 8.Bxf6 Nxf6
9.e5 Nd7 10.Bd3 dxc4 11.Bxc4 b5 12.Bxe6 Nxe5 13.Bxc8 Nxf3+ 14.gxf3 Rxc8 
15.O-O-O Be7 16.d5 cxd5 17.Kb1 d4 18.Nd5 O-O 19.Rxd4 Bc5 20.Re4 Kh8 21.Rd1
Qg5 22.h4 Qg2 23.Nf4 Qxf2 24.Nd3 Qg3 25.Ne5 f5 26.Re2 Kh7 27.Nd7 Qxh4 28.
Qd5 Rfd8 29.Qxf5+ Kh8 30.Red2 Bf8 31.a3 Qc4 32.Nf6 1-0

[Event "16th EUR-ch"]
[Site "Jerusalem ISR"]
[Date "2015.03.05"]
[Round "9"]
[White "Nabaty, Tamir"]
[Black "Hracek, Zbynek"]
[Result "1/2-1/2"]
[WhiteElo "2585"]
[BlackElo "2631"]
[EventDate "2015.02.24"]
[PlyCount "95"]

1.c4 Nf6 2.Nc3 c5 3.Nf3 e6 4.g3 b6 5.Bg2 Bb7 6.O-O d6 7.d4 cxd4 8.Qxd4 a6 
9.Rd1 Nbd7 10.Bg5 Be7 11.e4 O-O 12.Bxf6 Nxf6 13.e5 dxe5 14.Qxd8 Rfxd8 15.
Nxe5 Bxg2 16.Kxg2 Rdc8 17.Rac1 Rab8 18.f4 b5 19.cxb5 axb5 20.Kf3 b4 21.Na4
Rxc1 22.Rxc1 Nd5 23.b3 g6 24.Nc6 Ra8 25.Nxe7+ Nxe7 26.Ke4 Kg7 27.Rc2 Nd5 
28.Nc5 Kf6 29.Nd7+ Ke7 30.Ne5 f6 31.Nd3 Kd6 32.Kd4 Ra7 33.Nc5 e5+ 34.fxe5+
fxe5+ 35.Kd3 Rf7 36.Ne4+ Kd7 37.Rc5 Rf3+ 38.Kc4 Nc3 39.Nxc3 bxc3 40.Kd5 
Rf2 41.a4 c2 42.b4 Rd2+ 43.Kxe5 Rxh2 44.Rc3 h5 45.b5 h4 46.gxh4 Rxh4 47.
Rxc2 Rxa4 48.Kd5 1/2-1/2